000 00758nas1a22002411i 4500
001 RU\NLR\INFOCOMM\1000042336
005 20240725225048.0
035 _a(NLR Aleph) 002768881
090 _a2300270
_c2300270
100 _a20040225c1922 |||y0rusy50 ca
101 0 _arus
102 _aRU
110 _aayu||||0|y0
200 1 _aГолос Христианской Молодежи
_fИзд. "Союз Об'един. Баптистск. Молод."
_gРед. Я.Я.Винс
210 _aБлаговещенск н/А
_d1922
702 1 _aВинс
_bЯ.Я.
_4340
801 1 _aRU
_bInfoComm
_c20040225
801 0 _aRU
_bNLR
_gPSBO
852 _aNLR
_bГ.151
942 _cJOURNAL
980 _aRUSPER